| 000 | 00603nam a22001937a 4500 | ||
|---|---|---|---|
| 005 | 20251108165539.0 | ||
| 008 | 250721s1988 xx 000 0 ara d | ||
| 082 | 1 | 4 | _aط/001.64/لوي |
| 100 | 1 |
_aلويس، جون _eمؤلف |
|
| 245 | 1 | 0 | _aحاسبات الجيب / |
| 264 | 1 |
_aبيروت : _bالمؤسسة العربية للدراسات و النشر، _c1988. |
|
| 300 | _a48ص. | ||
| 490 | 0 | _aأوسبورن | |
| 650 | 1 | 7 | _aالحواسيب |
| 653 | _aناشئون كبار (15-18) سنة | ||
| 700 | 1 |
_aسعيدان، أحمد سليم _eترجمة |
|
| 942 |
_2ddc _cBK |
||
| 999 |
_c30472 _d30472 |
||